| 000 | nam a22 a 4500 | ||
|---|---|---|---|
| 999 |
_c187665 _d187665 |
||
| 003 | BLK | ||
| 005 | 20230401030328.0 | ||
| 008 | 180411b bul|||||r ||||||| ||bul|| | ||
| 010 | _aKNG00196682000 | ||
| 040 | _aBLK | ||
| 041 |
_aBUL _cBUL |
||
| 080 |
_aБългарска литература _b821.163.2 _x-9 _z821.163.2-9 |
||
| 100 | 1 |
_aСофроний Врачански _d1739-1813 _cВладиславов, Стойко ; Софроний, епископ Врачански ; Софроний Врачански, св. ; Серафим, монах _eпърви автор _9366013 |
|
| 139 |
_aСофроний Врачански _bС 53 |
||
| 245 | 1 | 0 |
_aЖитие и страдания на грешния Софроний _cСофроний Врачански; предг., състав., ред. и прил. Надежда Николова Драгова |
| 257 | _aBGR | ||
| 260 |
_aСофия _bБълг. писател _c1979 |
||
| 300 |
_a103 с. _c20 см |
||
| 380 | _aX | ||
| 490 |
_aБиблиотека за ученика _9201322 |
||
| 500 | _a Съдържа и Откъси от оригиналния текст на Житие и страдания грешного Софрония ; Поучения ; Призиви ; Биографична справка ; Оценки за делото на Софроний ; | ||
| 504 | _aБиблиогр. | ||
| 700 | 1 |
_aДрагова, Надежда Николова _eпредг., състав., ред. и прил. _9363491 |
|
| 852 |
_aЦб 97626 _bЦб |
||
| 856 | 4 |
_qpdf _i0.00 _ldisable |
|
| 942 |
_cKNG _n0 _s1 |
||
| 944 |
_aCR _c23.11.2016 _kГрета_Цуфелде |
||
| 944 |
_aED _c23.11.2016 _kГрета_Цуфелде |
||